000 00983cab a2200253 4500
001 ABS45507
008 090401t1991 xxu||||| |||| 00| 0 eng d
035 _a(Sirsi) u53462
041 _aeng
100 _aWakefield, R.
245 _aMortgagees beware
260 _c1991
350 _a0
490 _aSolicitors` Journal
_v135(42) 1 November 1991, 1194-1195(2)
520 _aWarns mortgagees of the limited rights to relief against forfeiture when a leaseholder breaches a provision of his lease and the landlord re-enters and occupies the building following the recent Billson v Residential Apartments Ltd. Refers to relevant case law.
650 _aBILLSON AND OTHERS V RESIDENTIAL APARTMENTS LTD
650 _aMORTGAGEES
650 _aPOSSESSION
650 _aRELIEF AGAINST FORFEITURE
650 _aPROPERTY-RESIDENTIAL PROPERTY-RESIDENTIAL LANDLORD AND TENANT-RESIDENTIAL TENANCIES
690 _aPROPERTY LAW AND PRACTICE
942 _n0
948 _c04/03/1997
999 _c32953
_d32953